000 00318nam a22001337a 4500
008 250506b |||||||| |||| 00| 0 eng d
020 _a0333445678
050 _aPN145
_b.W75
100 _aTurner Barry
245 _aThe Writers Handbook
260 _aTokyo
_bMacmillan press LTD.
_c1998
300 _a504P.
942 _cBK
999 _c3315
_d3315